000 01018nam a2200277Ia 4500
003 OSt
005 20221005104540.0
006 a|||||r|||| 00| 0
007 ta
008 221004b |||||||| |||| 00| 0 hin d
020 _a9789386534477 (pbk)
_cINR 195.00
024 _a41509
037 _b282, 15/02/2019, Eastern Book Linkers
_cTextual
040 _aCRL
_cCRL
_bhin
041 _2hin
_ahin
082 _aO152,1N394x, Q8
100 _aसलिल, कुलदीप, ले.
245 0 _aचिराग फिर भी चिराग है
246 _aChirāg fir bhī chirāg hai
260 _aदिल्ली
_bराजपाल एण्ड सन्ज भारत
_c2018
300 _a133पृ0
_ccm.
650 _a हिन्दी साहित्य
650 _aहिन्दी कविता
942 _hO152,1N394x, Q8
_cTEXL
_2cc
999 _c1013058
_d1013058